000 00386nam a2200169Ia 4500
008 230524s9999 xx 000 0 und d
020 _a8183184596
082 _a530
_bTAY
100 _aD.C.Tayal
245 0 _aNuclear Physics
250 _a1ST
260 _aNEW DELHI
_bHimalayan
_c2005
300 _aVIII;679
500 _aQuantity Number: 12
650 _aPhysics
942 _cBK
999 _c35162
_d35162